000 01191nam a2200349 i 4500
003 EG-GICUC
005 20260210193240.0
008 260210s1952 us ||||fr|||| 001 0 eng d
040 _aEG-GiCUC
_beng
_cEG-GiCUC
_dEG-GiCUC
_erda
041 _aeng
082 0 4 _221
_a341.3073
_bTH . U
092 0 4 _221
099 _aLaw1 11 341.3073 TH . U 1952
100 0 _a Thomas, Lewis V.
_eAuthor.
245 1 0 _aThe United States And Turkey And Iran /
_cBy Lewis V. Thomas, Richard N. Frye.
264 1 _aCambridge :
_bHarvard University Press,
_c1952.
300 _a301 pages,
_c24 cm
_billustrations,
336 _2rda content
_atext
337 _2rda media
_aComputer
338 _2rda carrier
_aOnline Resource
504 _aBibliography: pages 200-250.
546 _aText in English
650 1 4 _aInternational relations
650 1 4 _aPublic international law
_2qrmak
651 1 _2qrmak
_aUnited States
_xPublic international law
651 1 _aIran
_xPublic international law
651 1 _aTurkey
_xPublic international law
700 1 _a Frye, Richard N.
_ejoint author.
856 4 0 _uhttps://fll.law.cu.edu.eg/fulltext/bks/B11-06936.pdf
905 _a79
942 _2ddc
_cBK
_e21
_n0
999 _c62489
_d62489